El juez entre el derecho y la ley: estado de derecho y derecho del estado en el mundo hispánico, siglos XVI a XXI

-д хадгалсан:
Номзүйн дэлгэрэнгүй
Үндсэн зохиолч: Bravo Lira, Bernardino (Зохиогч)
Формат: Ном
Хэл сонгох:испани
Хэвлэсэн: Santiago Legal Publishing 2009
Хэвлэл:2a. ed
Нөхцлүүд:
Шошгууд: Шошго нэмэх
Шошго байхгүй, Энэхүү баримтыг шошголох эхний хүн болох!

MARC

LEADER 00000cam a2200000 a 4500
001 UCG9074
003 CL-VaPUC
008 120120e20091000CL |||||||||||||||||spa|d
020 |a 9562386325 
082 0 4 |a 347.01  |b BRA  |2 21 
100 0 |a Bravo Lira, Bernardino  |e author  |9 560458 
245 1 3 |a El juez entre el derecho y la ley: estado de derecho y derecho del estado en el mundo hispánico, siglos XVI a XXI 
250 |a 2a. ed 
300 |a 803 p 
942 |c BK 
945 |d 20120120 00:00:00  |a dcastane 
260 |a Santiago  |b Legal Publishing  |c 2009 
650 0 |a Jueces  |9 256162 
650 0 |a Poder judicial  |9 254871 
650 0 |a Estado de derecho  |9 257795 
650 0 |a Tribunales  |9 254872 
583 |a last modification  |c 20120120 10:38:00  |k Rodrigo Vera 
999 |c 346649  |d 346647 
952 |0 0  |1 0  |4 0  |6 347_010000000000000_BRA_2009  |7 0  |8 A  |9 447448  |a BIBDER  |b BIBDER  |d 2019-11-22  |i 4816420  |l 3  |m 2  |o 347.01 BRA 2009  |p 4816420  |r 2025-01-31  |s 2025-01-31  |w 2019-11-22  |y BK  |k DER